00756nam a22002057a 4500999001900000005001700019010001300036020002600049035001200075037001300087082000800100100002600108245005200134246006200186260005300248270005900301300002700360942003000387952013300417 c197368d19736820230822144753.0 aUR-12155 a9788119035588c200.00 aU-10710 bDBAD/PUB a841 aنثا ر کر یمی aدھوپ کی چادر /cنثا ر کر یمی aDhoop ki Chadar: collection of ghazals /bby Nisar Karimi aNew DelhibEducational Publishing Housec2023 ء aH.O. D1/16, Ansari Road, Darya GanjbNew Delhie110002 a120 صc21cm(pbk)  2ddccURmن ث اe h841 001040708NFICaMPbMPd2023-08-22eDBAD/PUBg200.00l0o841 ن ث اpU-10710r2023-08-22 00:00:00t1v200.00w2023-08-22yUR